|
|
|
|
| LEADER |
00000nam a22000007a 4500 |
| 005 |
20140403010047.0 |
| 007 |
cr|||| |||| |
| 008 |
140403s2010 es |||||s|||| 00||0 spa d |
| 035 |
|
|
|a 11682
|
| 040 |
|
|
|a vLex
|
| 090 |
|
|
|c 4749
|d 4749
|
| 100 |
1 |
|
|a Collado Medina, Još
|
| 245 |
1 |
3 |
|a La investigacin̤ criminal y sus consecuencias jurd̕icas
|h [Recurso electrn̤ico] /
|c Jos ̌Collado Medina
|
| 256 |
|
|
|a Servicio en ln̕ea
|
| 260 |
|
|
|a Madrid:
|b Dykinson,
|c 2010
|
| 300 |
|
|
|a 1 recurso electrn̤ico
|
| 506 |
1 |
|
|a Disponible solo en los productos indicados
|d vLex Global
|d vLex Global (Academic Edition, excluding Law Schools)
|d vLex Global (U.S. Academic Edition, Law Schools)
|d vLex Global (U.S. Academic Edition, excluding Law Schools)
|d vLex Global (Academic Edition, Law Schools)
|
| 650 |
0 |
4 |
|a Derecho Penal
|z Espaą
|
| 740 |
0 |
|
|a vLex Libros (Servicio en ln̕ea)
|
| 856 |
4 |
0 |
|u http://vlex.com/source/la-investigacion-criminal-y-sus-consecuencias-juridicas-11682
|z Acceso restringido
|
| 942 |
|
|
|c BOOK
|
| 999 |
0 |
|
|a Criminal Law
|